| 000 | 00846nam a2200277 a 4500 | ||
|---|---|---|---|
| 008 | |||
| 020 | _a9781473915817 | ||
| 040 |
_aNUST _cNUST |
||
| 049 | _aMAIN | ||
| 090 |
_aH62 _bGIB |
||
| 090 | _aIncludes bibliographical references | ||
| 100 | 1 | _aGibbs, Graham R. | |
| 245 | 1 | 0 | _aAnalysing qualitative data /:bGraham R. Gibbs; edited by Uwe Flick |
| 260 |
_aLondon : _bSage, _c2018 |
||
| 300 |
_axviii, 210 pages ; _c23 cm |
||
| 336 |
_atext _btxt _2rdacontent |
||
| 337 |
_aunmediated _bn _2rdamedia |
||
| 338 |
_avolume _bnc _2rdacarrier |
||
| 440 | _aSecond Edition | ||
| 500 | _aIncludes index | ||
| 650 | 1 | _aQualitative research | |
| 907 |
_a.b10405987 _b23-06-21 _c23-06-21 |
||
| 003 | |||
| 005 | 20230123141208.0 | ||
| 942 |
_cBOOKS _kH62 _kIncludes bibliographical references _mGIB |
||
| 999 |
_c169317 _d169317 |
||